7 Moments That Define Excellent Leaders: (Record no. 8395)

000 -LEADER
fixed length control field 00492nam a2200145 4500
008 - FIXED-LENGTH DATA ELEMENTS--GENERAL INFORMATION
fixed length control field 151012b xxu||||| |||| 00| 0 eng d
020 ## - INTERNATIONAL STANDARD BOOK NUMBER
International Standard Book Number 0977225771
050 ## - LIBRARY OF CONGRESS CALL NUMBER
Classification number SPE HD 57.7 .C65 2006
100 ## - MAIN ENTRY--PERSONAL NAME
Personal name Colan, Lee J.
Dates associated with a name 2006
245 ## - TITLE STATEMENT
Title 7 Moments That Define Excellent Leaders:
Statement of responsibility, etc. Lee J. Colan.
260 ## - PUBLICATION, DISTRIBUTION, ETC. (IMPRINT)
Place of publication, distribution, etc. Dallas:
Name of publisher, distributor, etc. CornerStone Leadership Institute,
Date of publication, distribution, etc. 2006.
300 ## - PHYSICAL DESCRIPTION
Extent 131p.:
650 ## - SUBJECT ADDED ENTRY--TOPICAL TERM
Topical term or geographic name as entry element English Fiction
942 ## - ADDED ENTRY ELEMENTS (KOHA)
Source of classification or shelving scheme
Koha item type Short Loan Books
Classification part SPE HD 57.7 .C65 2006
Holdings
Withdrawn status Lost status Source of classification or shelving scheme Damaged status Not for loan Home library Current library Shelving location Date acquired Source of acquisition Total Checkouts Full call number Barcode Date last seen Date last checked out Price effective from Koha item type
          MACHAKOS UNIVERSITY LIBRARY MACHAKOS UNIVERSITY LIBRARY Open shelf 12/10/2015 Donation (B.F.A) 5 SPE HD 57.7 .C65 2006 12034 12/03/2025 16/01/2025 12/10/2015 Hard Covered Materials
© Machakos University Library, Along The Highway, Machakos Wote Rd, Machakos, Kenya P.O. Box 136 - 90100 Machakos - Kenya

Tel: ( +254 ) 723 805829 OR Fax : 044-20353 OR Email: library@mksu.ac.ke